|
|
|
|
| LEADER |
01645nam a2200325 a 4500 |
| 001 |
27545 |
| 003 |
BD-DhAAL |
| 005 |
20130916095313.0 |
| 008 |
130916s2012 nyua b 001 0 eng |
| 010 |
|
|
|a 2011934108
|
| 020 |
|
|
|a 9781429250788
|
| 020 |
|
|
|a 142925078X
|
| 040 |
|
|
|a DLC
|c DLC
|d BD-DhAAL
|
| 050 |
0 |
0 |
|a QC21.3
|b .T56 2012
|
| 082 |
|
|
|2 22
|a 530
|
| 100 |
1 |
|
|a Tipler, Paul Allen,
|d 1933-
|9 3079
|
| 245 |
1 |
0 |
|a Modern physics /
|c Paul A. Tipler, Ralph A. Llewellyn.
|
| 250 |
|
|
|a 6th ed.
|
| 260 |
|
|
|a New York :
|b W. H. Freeman and Co.,
|c c2012.
|
| 300 |
|
|
|a 1 v. (various pagings) :
|b ill ;
|c 27 cm.
|
| 504 |
|
|
|a Includes bibliographical references and index.
|
| 541 |
|
|
|e 27545
|
| 650 |
|
0 |
|a Physics
|v Textbooks.
|9 3080
|
| 700 |
1 |
|
|a Llewellyn, Ralph A.
|9 3081
|
| 942 |
|
|
|2 ddc
|c BK
|
| 999 |
|
|
|c 13966
|d 13966
|
| 952 |
|
|
|0 0
|1 0
|2 ddc
|4 0
|6 530_000000000000000_TIP
|7 0
|9 23396
|a BRACUL
|b BRACUL
|c GEN
|d 2013-09-16
|e Essence Science Publications
|g 6900.00
|l 4
|m 2
|o 530 TIP
|p 3010027545
|r 2020-01-26
|s 2020-01-23
|t 1
|w 2013-09-16
|y BK
|
| 952 |
|
|
|0 0
|1 0
|2 ddc
|4 0
|6 530_000000000000000_TIP
|7 0
|9 23397
|a BRACUL
|b BRACUL
|c GEN
|d 2013-09-16
|e Essence Science Publications
|g 6900.00
|l 5
|m 11
|o 530 TIP
|p 3010027546
|r 2016-11-30
|s 2016-11-28
|t 2
|w 2013-09-16
|y BK
|
| 952 |
|
|
|0 0
|1 0
|2 ddc
|4 0
|6 530_000000000000000_TIP
|7 0
|9 23398
|a BRACUL
|b BRACUL
|c GEN
|d 2013-09-16
|e Essence Science Publications
|g 6900.00
|l 8
|m 72
|o 530 TIP
|p 3010027547
|r 2024-02-27
|s 2023-09-25
|t 3
|w 2013-09-16
|y BK
|
| 952 |
|
|
|0 0
|1 0
|2 ddc
|4 0
|6 530_000000000000000_TIP
|7 0
|9 23399
|a BRACUL
|b BRACUL
|c GEN
|d 2013-09-16
|e Essence Science Publications
|g 6900.00
|l 6
|m 63
|o 530 TIP
|p 3010027548
|q 2026-03-29
|r 2025-08-19
|s 2025-08-19
|t 4
|w 2013-09-16
|y BK
|